000 00294nam a22001337a 4500
008 190205b xxu||||| |||| 00| 0 eng d
020 _a9780534933401
041 _aeng
080 _a510
100 _a36
101 _aMAT
245 _aDiscovering Mathematics
_cLavoie,R.H
942 _2udc
_cBK
999 _c54026
_d54026